Number One Australian Songs - Statistics

General Stats
  • This quiz has been taken 27 times
  • The average score is 10 of 22
Answer Stats
Year Song Artist % Correct
2011 Somebody That I Used to Know Gotye
82%
1981 Down Under Men at Work
77%
2019 Dance Monkey Tones and I
68%
1990 I Touch Myself Divinyls
59%
1983 Original Sin INXS
55%
1986 You're the Voice John Farnham
55%
2021 Stay The Kid Laroi
55%
1987 Electric Blue Icehouse
50%
1997 Truly Madly Deeply Savage Garden
50%
2000 Spinning Around Kylie Minogue
45%
1991 The Horses Daryl Braithwaite
41%
2018 Youngblood 5 Seconds of Summer
36%
1971 Eagle Rock Daddy Cool
36%
1975 Horror Movie Skyhooks
36%
1958 A Pub with No Beer Slim Dusty
36%
1966 Friday on My Mind The Easybeats
36%
2002 Born to Try Delta Goodrem
32%
1976 Howzat Sherbet
32%
2007 Straight Lines Silverchair
32%
2014 Geronimo Sheppard
27%
2004 Scar Missy Higgins
23%
2009 Like It Like That Guy Sebastian
9%
No matching quizzes found
Score Distribution
Percent of People with Each Score
Percentile by Number Answered
Your Score History
You have not taken this quiz